Structural health monitoring / (Record no. 1232)

000 -LEADER
fixed length control field 00502 a2200145 4500
020 ## - INTERNATIONAL STANDARD BOOK NUMBER
International Standard Book Number 1905209010
020 ## - INTERNATIONAL STANDARD BOOK NUMBER
International Standard Book Number 9781905209019
082 ## - DEWEY DECIMAL CLASSIFICATION NUMBER
Classification number 624.171 BAL
245 ## - TITLE STATEMENT
Title Structural health monitoring /
Statement of responsibility, etc. edited by Daniel Balageas, Claus-Peter Fritzen and Alfredo Güemes.
260 ## - PUBLICATION, DISTRIBUTION, ETC.
Place of publication, distribution, etc. London ;
-- Newport Beach, CA :
Name of publisher, distributor, etc. ISTE,
Date of publication, distribution, etc. 2006.
300 ## - PHYSICAL DESCRIPTION
Extent 495 p. :
Other physical details ill. ;
Dimensions 25 cm.
650 ## - SUBJECT ADDED ENTRY--TOPICAL TERM
Topical term or geographic name entry element Structural health monitoring.
650 ## - SUBJECT ADDED ENTRY--TOPICAL TERM
Topical term or geographic name entry element Structural analysis (Engineering)
650 ## - SUBJECT ADDED ENTRY--TOPICAL TERM
Topical term or geographic name entry element Automatic data collection systems.
650 ## - SUBJECT ADDED ENTRY--TOPICAL TERM
Topical term or geographic name entry element Detectors.
Holdings
Withdrawn status Lost status Damaged status Not for loan Permanent Location Current Location Shelving location Date acquired Total Checkouts Full call number Barcode Date last seen Date last checked out Price effective from Koha item type
        School of Civil and Environmental Engineering (SCEE) School of Civil and Environmental Engineering (SCEE)     1 624.171 BAL NIT-6229 11/17/2022 10/09/2019 01/05/2017 Book
        School of Civil and Environmental Engineering (SCEE) School of Civil and Environmental Engineering (SCEE)     1   NIT-6230 10/19/2023 10/22/2019 01/05/2017 Book
© 2023 Central Library, National University of Sciences and Technology. All Rights Reserved.